| 000 | 00623nam a22002057a 4500 | ||
|---|---|---|---|
| 003 | OSt | ||
| 005 | 20260326005229.0 | ||
| 008 | 260326b |||||||| |||| 00| 0 eng d | ||
| 020 | _a9710868756 | ||
| 040 |
_aDWCL GS lib _cOC |
||
| 082 | _aRes.(Fil.) 909 L869 2008 | ||
| 100 | _aLorenzo, S. J. Ramon | ||
| 245 |
_aBrain Blitz : _bReviewer 1 World History / _cJ. Ramon S. Lorenzo |
||
| 260 |
_aMandaluyong City _bNational Book Store _cc2008. |
||
| 300 |
_avii, 102 pages: _c17cm. |
||
| 546 | _aEnglish | ||
| 650 | _a Educational Reviewer | ||
| 650 | _aGeneral Information | ||
| 942 |
_2ddc _cBK-0 CIRC _hRes.(Fil.) _n0 |
||
| 999 |
_c9279 _d9279 |
||